Невербальні засоби спілкування в умовах міжкультурної комунікації (Запис № 285173)

МАРК-запис
000 -LEADER
fixed length control field 01538nam a22001577a 4500
041 ## - LANGUAGE CODE
Language code of text/sound track or separate title ukr
080 ## - UNIVERSAL DECIMAL CLASSIFICATION NUMBER
Universal Decimal Classification number 09
090 ## - LOCALLY ASSIGNED LC-TYPE CALL NUMBER (OCLC); LOCAL CALL NUMBER (OCLC)
Local cutter number (OCLC) ; Book number/undivided call number, CALL (RLIN) СІК
100 ## - MAIN ENTRY--PERSONAL NAME
Personal name Сікунка С.В.
245 ## - TITLE STATEMENT
Title Невербальні засоби спілкування в умовах міжкультурної комунікації
260 ## - PUBLICATION, DISTRIBUTION, ETC. (IMPRINT)
Place of publication, distribution, etc Острог
Name of publisher, distributor, etc КАФ
Date of publication, distribution, etc 2013
300 ## - PHYSICAL DESCRIPTION
Extent 54
520 ## - SUMMARY, ETC.
Summary, etc Розділ 1.Теоретико-методологічні засади дослідження невербальних засобів спілкування в умовах міжкультурної комунікації.<br/>1.1. Поняття та сутність міжкультурної комунікації.<br/>1.2. Сутність невербального спілкування.<br/>1.3. Невербальні засоби в міжкультурній комунікації.<br/>Розділ 2. Особливості застосування невербальних засобів у міжкультурній комунікації.<br/>2.1. Особливості особистісного простору британців та українців.<br/>2.2. Характеристика жестів та міміки в британській та українській культурах.<br/>Розділ 3. Соціальна спрямованість перебудови управління умовами праці.
-- Жести, міміка, Британія, Україна, культура
650 ## - SUBJECT ADDED ENTRY--TOPICAL TERM
Topical term or geographic name as entry element Research Papers
942 ## - ADDED ENTRY ELEMENTS (KOHA)
Koha item type Книги
Фонди
Withdrawn status Lost status Source of classification or shelving scheme Damaged status Not for loan Home library Current library Date acquired Source of acquisition Cost, normal purchase price Total Checkouts Full call number Barcode Date last seen Price effective from Koha item type
    Universal Decimal Classification     ВІЛ - Відділ іноземн. літератури НБ ВІЛ - Відділ іноземн. літератури НБ 12/06/2013 Акт №7 1.00   09 215281 09/11/2021 12/06/2013 Книги